El concierto para delinquir y el tránsito legislativo suscitado por la Ley 1121 de 2006 / (Registro nro. 3893)

Detalles MARC
000 -LEADER
fixed length control field 01288nam a2200277Ia 4500
003 - CONTROL NUMBER IDENTIFIER
control field OSt
005 - DATE AND TIME OF LATEST TRANSACTION
control field 20200814224812.0
008 - FIXED-LENGTH DATA ELEMENTS--GENERAL INFORMATION
fixed length control field 191128s2010 ck gr 000 0 spa d
020 ## - INTERNATIONAL STANDARD BOOK NUMBER
International Standard Book Number 9789588350530
040 ## - CATALOGING SOURCE
Original cataloging agency CO-JMCR
Transcribing agency CO-JMCR
041 0# - LANGUAGE CODE
Language code of text/sound track or separate title spa
082 04 - DEWEY DECIMAL CLASSIFICATION NUMBER
Classification number 345.02 /
Item number L864c
Edition number 23
100 1# - MAIN ENTRY--PERSONAL NAME
Personal name López Mojica, Adriana Cristina,
Relator term autor
9 (RLIN) 8825
245 13 - TITLE STATEMENT
Title El concierto para delinquir y el tránsito legislativo suscitado por la Ley 1121 de 2006 /
Statement of responsibility, etc. Adriana Cristina López Mojica
250 ## - EDITION STATEMENT
Edition statement Primera edición
260 ## - PUBLICATION, DISTRIBUTION, ETC.
Place of publication, distribution, etc. Bogotá :
Name of publisher, distributor, etc. Universidad Sergio Arboleda,
Date of publication, distribution, etc. 2010
300 ## - PHYSICAL DESCRIPTION
Extent 113 páginas :
Dimensions 21 cm.
490 0# - SERIES STATEMENT
Series statement Tesis académicas. Derecho penal
500 ## - GENERAL NOTE
General note Incluye notas a pie de página.
504 ## - BIBLIOGRAPHY, ETC. NOTE
Bibliography, etc. note Bibliografía: páginas 111-114
505 0# - FORMATTED CONTENTS NOTE
Formatted contents note La norma penal -- Evolución del concierto para delinquir en Colombia -- El concierto para delinquir : su configuración típica -- Estudio jurisprudencial
520 3# - SUMMARY, ETC.
Summary, etc. Es indudable que este estudio representa una importante reflexión académica surgida de nuestras aulas universitarias que, obvio es decirlo, debe ser valorada de forma altamente positiva. El solo hecho de que una joven recién egresada.
650 14 - SUBJECT ADDED ENTRY--TOPICAL TERM
Topical term or geographic name entry element Concierto para delinquir
9 (RLIN) 8826
650 14 - SUBJECT ADDED ENTRY--TOPICAL TERM
Topical term or geographic name entry element Norma penal
9 (RLIN) 8827
942 ## - ADDED ENTRY ELEMENTS (KOHA)
Source of classification or shelving scheme Dewey Decimal Classification
Koha item type Books
Existencias
Withdrawn status Lost status Source of classification or shelving scheme Damaged status Not for loan Collection code Home library Current library Date acquired Source of acquisition Full call number Barcode Date last seen Copy number Koha item type
    Dewey Decimal Classification     Non-fiction Biblioteca Pública José María del Castillo y Rada Biblioteca Pública José María del Castillo y Rada 12/01/2017 Donación 345.02 / L864c 201808479 05/16/2024 Ej.1 Books